[Event "AUTO-ADV-1634"]
[Site "http://www.queenalice.com/game.php?id=723144"]
[Date "2010.1.31"]
[Round "1"]
[White "barefootony"]
[Black "ajbsantos"]
[Result "0-1"]
[WhiteElo "1702"]
[BlackElo "2026"]

1. d4 d5 2. Nc3 Nf6 3. e4 e6 4. e5 Nfd7 5. f4 c5 6. Nf3 Nc6 7. Be3 cxd4 8. Nxd4
Nxd4 9. Bxd4 Bc5 10. Bb5 Qb6 11. Bxc5 Qxc5 12. Qd2 O-O 13. Bd3 Nb6 14. O-O-O a5
15. Bb5 Bd7 16. Bxd7 Nxd7 17. Ne4 Qc4 18. Nd6 Qxa2 19. Qd4 b5 20. Kd2 Qa4 21.
Qxa4 bxa4 22. Ra1 Nc5 23. Rhe1 Rfb8 24. Ra2 Nb7 25. Nxb7 Rxb7 26. Rb1 Rab8 27.
Kc1 Rb4 28. g3 Re4 29. Kd2 g6 30. b3 axb3 31. Rxb3 Rxb3 32. cxb3 Rb4 33. Kc3 d4+
34. Kd3 Rxb3+ 35. Kxd4 Rb5 36. Kc4 Rd5 37. h4 Kg7 38. Ra3 f6 39. Rd3 Rxd3 40.
Kxd3 fxe5 41. fxe5 h6 42. Kc4 g5 43. Kb5 Kg6 44. Kxa5 Kf5 45. Kb4 Kxe5 46. Kc3
Ke4 47. hxg5 hxg5 48. Kd2 Kf3 0-1

[Event "AUTO-ADV-1634"]
[Site "http://www.queenalice.com/game.php?id=723145"]
[Date "2010.1.31"]
[Round "1"]
[White "ajbsantos"]
[Black "barefootony"]
[Result "1-0"]
[WhiteElo "2009"]
[BlackElo "1706"]

1. e4 e6 2. d4 d5 3. Nc3 Bb4 4. e5 Ne7 5. a3 Bxc3+ 6. bxc3 O-O 7. Bd3 c5 8. Nf3
Nbc6 9. a4 Ng6 10. O-O Bd7 11. Ba3 b6 12. c4 Nf4 13. Qd2 Nxd3 14. Qxd3 dxc4 15.
Qxc4 Re8 16. c3 cxd4 17. cxd4 Rc8 18. Qd3 Na5 19. Rac1 Bxa4 20. Rxc8 Qxc8 21.
Rc1 Qd7 22. Qc3 Nc6 23. Qc4 Nb8 24. Bd6 Bb5 25. Qc7 Qxc7 26. Rxc7 Nc6 27. h4 a5
28. Rb7 Ra8 29. Rxb6 Na7 30. Nd2 a4 31. Nb1 Bd3 32. f4 h6 33. Nc3 Bc2 34. Ra6
Rc8 35. Bc5 Rxc5 36. dxc5 1-0

[Event "AUTO-ADV-1536"]
[Site "http://www.queenalice.com/game.php?id=733936"]
[Date "2010.2.18"]
[Round "2"]
[White "adilson_camargo"]
[Black "barefootony"]
[Result "1-0"]
[WhiteElo "1893"]
[BlackElo "1726"]

1. d4 d5 2. c4 c6 3. e3 Nf6 4. Nc3 Bf5 5. h3 e6 6. Nf3 Bb4 7. Bd2 O-O 8. a3 Be7
9. c5 Nbd7 10. Be2 Qc7 11. O-O e5 12. dxe5 Nxe5 13. b4 Rfd8 14. Nd4 1-0

[Event "AUTO-ADV-1536"]
[Site "http://www.queenalice.com/game.php?id=733937"]
[Date "2010.2.18"]
[Round "2"]
[White "barefootony"]
[Black "adilson_camargo"]
[Result "0-1"]
[WhiteElo "1717"]
[BlackElo "1902"]

1. d4 Nf6 2. Nc3 d5 3. e4 dxe4 4. f3 exf3 5. Nxf3 Bg4 6. Be2 Nc6 7. O-O e6 8.
Be3 Bb4 9. Ne5 Nxe5 10. dxe5 Qxd1 11. Bxd1 Bxd1 12. Nxd1 Ng4 0-1

[Event "AUTO-OPEN-1604"]
[Site "http://www.queenalice.com/game.php?id=740223"]
[Date "2010.3.3"]
[Round "2"]
[White "barefootony"]
[Black "dante72"]
[Result "1-0"]
[WhiteElo "1699"]
[BlackElo "1878"]

1. d4 d5 2. Nc3 e6 3. e4 c6 4. e5 Bb4 5. a3 Bxc3+ 6. bxc3 Ne7 7. Bd3 O-O 8. Ne2
Ng6 9. O-O f5 10. a4 a6 11. Nf4 Nxf4 12. Bxf4 Bd7 13. Bd2 Be8 14. a5 Bg6 15. Qb1
Qc7 16. Qb4 Re8 17. Rfb1 Re7 18. Bg5 Rf7 19. Qb6 Qxb6 20. Rxb6 Ra7 21. Rab1 Rc7
22. g4 Kf7 23. gxf5 exf5 24. f4 Nd7 25. R6b2 h6 26. Bh4 Nf8 27. Bd8 Rd7 28. Bb6
Ra8 29. Bc5 Ne6 30. Rxb7 Nxc5 31. dxc5 Rxb7 32. Rxb7+ Kf8 33. Rc7 Be8 34. Bxf5
g6 35. Bd7 Bxd7 36. Rxd7 h5 37. Rd6 Rb8 38. Rxc6 Rb2 39. Rxa6 Rxc2 40. Rd6 Rxc3
41. a6 Ra3 42. c6 Rxa6 43. c7 Rxd6 44. exd6 Ke8 45. c8=Q+ Kf7 46. Qd7+ Kf6 47.
Kf2 d4 48. Kf3 d3 49. Ke4 d2 50. Qe7# 1-0

[Event "AUTO-OPEN-1604"]
[Site "http://www.queenalice.com/game.php?id=740224"]
[Date "2010.3.3"]
[Round "2"]
[White "dante72"]
[Black "barefootony"]
[Result "1-0"]
[WhiteElo "1698"]
[BlackElo "1722"]

1. d4 d5 2. e3 Bf5 3. f3 Nf6 4. Nc3 e6 5. a3 c5 6. h4 Nc6 7. g4 cxd4 8. exd4
Bxc2 9. Qxc2 Nxd4 10. Qa4+ Nc6 11. Bb5 Qc7 12. Bxc6+ bxc6 13. Nge2 h6 14. Bf4
Bd6 15. Bxd6 Qxd6 16. Rc1 O-O 17. Na2 Rfc8 18. Nb4 c5 19. Nd3 c4 20. Nf2 Qb6 21.
Qc2 Qe3 22. Qc3 Qxc3+ 23. Nxc3 Rab8 24. Nfd1 Nd7 25. Rc2 Nc5 26. Rhh2 Nd3+ 27.
Ke2 Ne5 28. Rg2 Rb3 29. f4 Ng6 30. Rf2 d4 31. Kd2 dxc3+ 32. Nxc3 Rd8+ 33. Kc1
Nxh4 34. Rcd2 Rxd2 35. Rxd2 Rb7 36. Rf2 Ng6 37. f5 exf5 38. Rxf5 Rc7 39. Kc2 Ne7
40. Rf4 f6 41. Ne4 Rc6 42. Nc3 a6 43. Re4 Kf7 44. Ne2 Nc8 45. Nd4 Rb6 46. Nf5
Rc6 47. Kc3 a5 48. Nd4 Rc5 49. Nf5 h5 50. Nh4 Nd6 51. Rf4 Nb5+ 52. Kc2 hxg4 53.
Rxg4 Nd6 54. Rd4 Ke6 55. Ng6 Nf5 56. Rd2 Ne3+ 57. Kc3 Nf5 58. Re2+ Kd6 59. Rd2+
Kc6 60. Rf2 Nd6 61. Rg2 f5 62. Ne7+ Kb5 63. Rxg7 Re5 64. Ng6 Re3+ 65. Kd2 Rg3
66. Rg8 Ne4+ 67. Kc2 Rg2+ 68. Kb1 c3 69. bxc3 Nxc3+ 70. Kc1 Ka4 71. Rc8 Na2+ 72.
Kb1 Kxa3 73. Nf4 Rg1+ 74. Kc2 1-0

[Event "AUTO-OPEN-1604"]
[Site "http://www.queenalice.com/game.php?id=740225"]
[Date "2010.3.3"]
[Round "2"]
[White "barefootony"]
[Black "luizantoniosetti"]
[Result "0-1"]
[WhiteElo "1710"]
[BlackElo "2075"]

1. d4 Nf6 2. Nc3 d5 3. e4 dxe4 4. f3 exf3 5. Nxf3 Bg4 6. Bf4 e6 7. Be2 Bd6 8.
Ne5 Bxe2 9. Nxe2 Nbd7 10. O-O Nd5 11. Nxf7 Kxf7 12. Bxd6+ N7f6 13. Bf4 Nxf4 14.
Rxf4 Rf8 15. c3 Kg8 16. Qc2 Nd5 17. Rxf8+ Qxf8 18. Rf1 Qxf1+ 19. Kxf1 Ne3+ 20.
Ke1 Nxc2+ 21. Kd2 Na1 22. Kc1 Rf8 23. Ng3 Rf2 0-1

[Event "AUTO-OPEN-1604"]
[Site "http://www.queenalice.com/game.php?id=740226"]
[Date "2010.3.3"]
[Round "2"]
[White "luizantoniosetti"]
[Black "barefootony"]
[Result "1-0"]
[WhiteElo "2077"]
[BlackElo "1708"]

1. e4 e6 2. d4 d5 3. Nc3 Bb4 4. e5 Ne7 5. a3 Bxc3+ 6. bxc3 c5 7. Bd3 Nbc6 8. Nf3
Bd7 9. O-O O-O 10. Rb1 Qc8 11. Bxh7+ Kxh7 12. Ng5+ Kg6 13. Qg4 f5 14. Qg3 Qb8
15. Ne4+ Kf7 16. Nd6+ Kg8 17. Bh6 g6 18. Rxb7 Qd8 19. Bxf8 Kxf8 20. Qh4 Ng8 21.
Qh7 Qe7 22. Rxd7 Qxh7 23. Rxh7 Rb8 24. Rf7# 1-0

[Event "AUTO-OPEN-2208"]
[Site "http://www.queenalice.com/game.php?id=876790"]
[Date "2010.12.26"]
[Round "1"]
[White "barefootony"]
[Black "torab"]
[Result "0-1"]
[WhiteElo "1678"]
[BlackElo "1762"]

1. b3 e5 2. Bb2 d6 3. e3 Nf6 4. Nf3 a6 5. Be2 e4 6. d3 exf3 7. Bxf3 Nc6 8. O-O
Be7 9. Nd2 Ne5 10. Re1 c6 11. g3 Nxf3+ 12. Nxf3 d5 13. e4 O-O 14. e5 Ng4 15. Kg2
c5 16. d4 b6 17. h3 Nh6 18. Nh2 c4 19. f4 cxb3 20. axb3 Qd7 21. g4 Bh4 22. Re3
f6 23. e6 Qd6 0-1

[Event "AUTO-OPEN-2208"]
[Site "http://www.queenalice.com/game.php?id=876791"]
[Date "2010.12.26"]
[Round "1"]
[White "torab"]
[Black "barefootony"]
[Result "0-1"]
[WhiteElo "1787"]
[BlackElo "1665"]

1. e4 Nc6 2. d4 d5 3. e5 Bf5 4. a3 e6 5. h3 h6 6. Nc3 Be7 7. Nf3 Qd7 8. Bb5 a6
9. Ba4 f6 10. exf6 Bxf6 11. Bd2 Nge7 12. O-O b5 13. Bb3 Nxd4 14. Nxd4 Bxd4 15.
Bxh6 Bxc3 16. bxc3 Rxh6 17. a4 e5 18. Re1 Bxh3 19. g3 O-O-O 20. Rxe5 Rf8 21.
Bxd5 Nxd5 22. Rxd5 Qg4 23. Qxg4+ Bxg4 24. Rg5 Bf3 0-1

[Event "AUTO-OPEN-2208"]
[Site "http://www.queenalice.com/game.php?id=876792"]
[Date "2010.12.26"]
[Round "1"]
[White "barefootony"]
[Black "HILITO"]
[Result "0-1"]
[WhiteElo "1710"]
[BlackElo "2051"]

1. b3 c6 2. Bb2 d5 3. e3 Nd7 4. Nf3 Ngf6 5. Be2 Qc7 6. O-O e5 7. d3 Bd6 8. Nbd2
O-O 9. e4 d4 10. h3 b5 11. Nh4 c5 12. Nf5 Nb6 13. Re1 Bxf5 14. exf5 Rfe8 15. Bf3
Rac8 16. Ne4 Nxe4 17. Bxe4 f6 18. Bc1 c4 19. Rf1 cxd3 20. cxd3 Nd7 21. a4 b4 22.
Bd5+ Kh8 23. Bb2 Nc5 24. Rc1 a5 25. Re1 Qd7 26. Qf3 Qe7 27. Rc2 Nd7 28. Rec1 Rc3
29. Qe2 Nb6 30. Be4 Rec8 31. Qd2 Qf7 32. Bxc3 dxc3 33. Qd1 Qxb3 34. d4 Qxa4 35.
dxe5 Bxe5 36. Bb7 Rb8 37. Qf3 Qb5 38. Bc6 Qc5 39. g4 Nc4 40. Ba4 Bd4 41. Re1 Ne5
42. Rxe5 Bxe5 43. h4 b3 44. Bxb3 Rxb3 45. g5 Qb5 46. g6 Rb1+ 0-1

[Event "AUTO-OPEN-2208"]
[Site "http://www.queenalice.com/game.php?id=876793"]
[Date "2010.12.26"]
[Round "1"]
[White "HILITO"]
[Black "barefootony"]
[Result "1-0"]
[WhiteElo "2027"]
[BlackElo "1686"]

1. e4 Nc6 2. d4 d5 3. e5 Bf5 4. h4 h6 5. Bd3 Bxd3 6. Qxd3 e6 7. Nf3 Qd7 8. c3
O-O-O 9. b4 f6 10. Bf4 fxe5 11. Bxe5 Nf6 12. a4 Bd6 13. a5 Bxe5 14. Nxe5 Nxe5
15. dxe5 Ne8 16. Nd2 a6 17. Nb3 Rf8 18. Nc5 Qc6 19. O-O-O g5 20. hxg5 hxg5 21.
Rh6 Ng7 22. Qg6 b6 23. Nxe6 Nxe6 24. Qxe6+ Qxe6 25. Rxe6 Rxf2 26. axb6 Re2 27.
bxc7 Kxc7 28. Rxa6 Rxe5 29. Rg6 Rd6 30. Rg7+ Rd7 31. Rxd7+ Kxd7 32. c4 Kc6 33.
Rxd5 Rxd5 34. cxd5+ Kxd5 35. Kd2 Kc4 36. Ke3 Kxb4 37. Kf3 Kc5 38. Kg4 Kd6 39.
Kxg5 Ke7 40. Kg6 Kf8 41. Kh7 Kf7 42. g4 1-0

[Event "Challenge"]
[Site "http://www.queenalice.com/game.php?id=880121"]
[Date "2011.1.2"]
[Round "-"]
[White "Mulder"]
[Black "barefootony"]
[Result "0-1"]
[WhiteElo "1549"]
[BlackElo "1700"]

1. e4 e6 2. d4 d5 3. Nc3 Bb4 4. Bd2 c5 5. e5 cxd4 6. Bb5+ Bd7 7. a3 Bxc3 8. bxc3
Bxb5 9. Ne2 dxc3 10. Nxc3 Ba6 11. Ne2 Nc6 12. O-O Nge7 13. f4 Nf5 14. c3 O-O 15.
g4 Qb6+ 16. Rf2 Ne3 17. Qe1 Nxg4 18. Rb1 Nxf2 19. Rxb6 Nd3 20. Qb1 axb6 21. Qxb6
Ndxe5 22. fxe5 Bxe2 23. Kf2 Ba6 24. Qe3 Ne7 25. c4 Nf5 26. Qf4 Bxc4 27. Qf3 b5
28. h3 Rfc8 29. Bb4 Ba2 30. Qe2 Nd4 31. Qxa2 Rc2+ 32. Qxc2 Nxc2 33. Bd6 Nxa3 34.
Ke3 Nc4+ 35. Kd4 Ra4 36. Kc5 Nxd6 37. Kxd6 d4 38. Kc5 d3 39. Kxb5 Ra1 40. h4 d2
0-1

[Event "Challenge"]
[Site "http://www.queenalice.com/game.php?id=880122"]
[Date "2011.1.2"]
[Round "-"]
[White "barefootony"]
[Black "Mulder"]
[Result "0-1"]
[WhiteElo "1705"]
[BlackElo "1430"]

1. d4 d5 2. e4 dxe4 3. f3 exf3 4. Nxf3 e6 5. Bc4 Nf6 6. O-O Bd6 7. Bg5 h6 8. Bh4
O-O 9. Ne5 Bxe5 10. dxe5 Qxd1 11. Rxd1 g5 12. Bxg5 hxg5 13. exf6 Nc6 14. Nc3 Bd7
15. Rxd7 Ne5 16. Rxc7 Rac8 0-1